Players of National Teams - Spain - Statistics

General Stats
  • This quiz has been taken 28 times
  • The average score is 15 of 27
Answer Stats
Pos. Team Player % Correct
LW Atlético de Madrid Lamine Yamal
93%
GK Arsenal FC David Raya
89%
CM Paris Saint-Germain Fabián Ruiz
81%
CB FC Barcelona Pau Cubarsí
81%
GK Athletic Bilbao Unai Simón
81%
LB Bayer 04 Leverkusen Alejandro Grimaldo
78%
FW FC Barcelona Ferran Torres
78%
LB Chelsea FC Marc Cucurella
78%
CM Arsenal FC Mikel Merino
78%
DM Arsenal FC Martín Zubimendi
74%
AM FC Barcelona Dani Olmo
70%
RB Tottenham Hotspur Pedro Porro
63%
CM Bayer 04 Leverkusen Aleix García
56%
RB Atlético de Madrid Marcos Llorente
56%
CB Atlético de Madrid Robin Le Normand
56%
AM FC Barcelona Fermín López
52%
FW Real Sociedad Mikel Oyarzabal
52%
CB Athletic Bilbao Aymeric Laporte
44%
CB Athletic Bilbao Dani Vivian
37%
RW Crystal Palace Yéremy Pino
37%
GK Real Sociedad Álex Remiro
33%
CM Atlético de Madrid Pablo Barrios
33%
FW Celta Vigo Borja Iglesias
30%
FW FC Porto Samu Aghehowa
30%
RW FC Barcelona Álex Baena
26%
CM Real Betis Pablo Fornals
22%
RW Rayo Vallecano Jorge de Frutos
15%
No matching quizzes found
Score Distribution
Percent of People with Each Score
Percentile by Number Answered
Your Score History
You have not taken this quiz